000 00387nam a2200145Ia 4500
008 240624s9999 xx 000 0 und d
041 _aeng
082 _a657.3 PEN
100 _aPENMAN STEPHEN H
245 _aFINANCIAL STATEMENT ANALYSIS AND SECURIT
250 _a(4th ed.)
260 _c2014
_aNew Delhi
_bTata McGraw-Hill
300 _axxiv, : 754 : p. : cm. ; 26
365 _cRS
_b33
999 _c26211
_d26211